01085nab a2200265 uc450000100070000000500170000700800410002403500110006503500210007604000130009704100080011010000530011824501820017165000260035365000230037965000260040265000290042865000440045765000410050170000550054270000530059777301400065094200100079099900190080057434620250225131338.0991206e19990601 eng  a574346 a(OCoLC)819821605 ccomduadb aeng10aVale Barbosa, Maria das gracas4auteaut930232510aOcurrence of spaethiella coccinea boheman coleoptera: chrysomelidae, hispanae on theobrama gradiflorum willdenow ex sprengel schumman, sterculiaceae, in manus, Amazonas, Brazil aCrisomélidos924153 aEscarabajos925058 aEsterculiaceas922250 aAmazonas (Brasil)955947 aCopoazu : Theobroma grandiflorum987238 aSpaethiella coccinae, boheman92225110aVasconcelos Fonseca, Claudio Ruy4auteaut951819310aOliveira Guerra, Jorge Augusto4auteaut93023270 tActa Amazonica (Manaus)gVolumen 29, Número 02, Junio 1999, p. 313-317w(CO-MdUADB)198142x0044-59670881289660194o6-10000003150222 cARIMP c138859d138859